القدس نداء صارخ وصيحة مدوية من المسجد الأقصى في فلسطين لأبناء العروبة والإصلاح من المحيط الهادر الى الخليج الثاثر / (رقم التسجيلة. 65724)

تفاصيل مارك
000 -LEADER
fixed length control field 00704nam a22001937a 4500
005 - DATE AND TIME OF LATEST TRANSACTION
control field 20251108171917.0
008 - FIXED-LENGTH DATA ELEMENTS--GENERAL INFORMATION
fixed length control field 250721s2003 xx 000 0 ara d
082 14 - DEWEY DECIMAL CLASSIFICATION NUMBER
Classification number 210.42956411/نزا
100 1# - MAIN ENTRY--PERSONAL NAME
Personal name نزال، شوقي عبد السلام
245 10 - TITLE STATEMENT
Title القدس نداء صارخ وصيحة مدوية من المسجد الأقصى في فلسطين لأبناء العروبة والإصلاح من المحيط الهادر الى الخليج الثاثر /
264 1# - PRODUCTION, PUBLICATION, DISTRIBUTION, MANUFACTURE, AND COPYRIGHT NOTICE
Place of production, publication, distribution, manufacture عمان :
Date of production, publication, distribution, manufacture, or copyright notice 2003.
300 ## - PHYSICAL DESCRIPTION
Extent 80ص.
650 17 - SUBJECT ADDED ENTRY--TOPICAL TERM
Topical term or geographic name as entry element تاريخ القدس
650 17 - SUBJECT ADDED ENTRY--TOPICAL TERM
Topical term or geographic name as entry element فلسطين
650 17 - SUBJECT ADDED ENTRY--TOPICAL TERM
Topical term or geographic name as entry element الإسلام
650 17 - SUBJECT ADDED ENTRY--TOPICAL TERM
Topical term or geographic name as entry element البلدان العربية
942 ## - ADDED ENTRY ELEMENTS (KOHA)
Source of classification or shelving scheme Dewey Decimal Classification
Koha item type كتب
المقتنيات
حالة السحب حالة الفقدان مصدر التصنيف حالة التلف غير قابل للإعارة المكتبة الرئيسية المكتبة الحالية موقع الرف تاريخ التزويد الرقم المتسلسل Total Checkouts رقم الإستدعاء تاريخ آخر ظهور تاريخ الفاتورة نوع المادة (كوها) الباركود
    Dewey Decimal Classification     مكتبة أم قصير والمقابلين العامة مكتبة أم قصير والمقابلين العامة الإعارة 28/07/2025 610159   210.42956411/نزا 28/07/2025 28/07/2025 كتب 610159
    Dewey Decimal Classification Unchecked   مكتبة الأميرة ايمان العامة مكتبة الأميرة ايمان العامة الإعارة 28/07/2025 610151   210.42956411/نزا 28/07/2025 28/07/2025 كتب  
    Dewey Decimal Classification Unchecked   مكتبة الجويدة مكتبة الجويدة الإعارة 28/07/2025 610155   210.42956411/نزا 28/07/2025 28/07/2025 كتب  
    Dewey Decimal Classification     مكتبة الحسن العامة مكتبة الحسن العامة الإعارة 28/07/2025 610156   210.42956411/نزا 28/07/2025 28/07/2025 كتب 610156
    Dewey Decimal Classification     مكتبة النصر العامة مكتبة النصر العامة الإعارة 12/10/2014 610162   210.42956411/نزا 28/07/2025 12/10/2014 كتب PLD00308340
Implemented & Customized by: BBB with SCIT (Smart Chains for Information Technology)

Powered by Koha